000 01036cam a22002652 4500
001 32380
003 BD-RjUL
005 20211209051828.0
008 140426s1908 iluc 000 0 eng d
035 _aOCLC ocm02046394 from D971103T
_aBD-RjUL
040 _aDLC
_cIYU
_dBD-RjUL
_dEQO
_beng
041 _aeng
082 _a295
_bMIA 1908
100 1 _aMills, Lawrence Heyworth
_d1837-1918.
_997979
245 1 0 _aAvesta eschatology compared with the books of Daniel and Revelations :
_bhæmebeing supplementary to Zarathushtra, Philo, the Achæmenids and Israel /
_cby Dr. Lawrence H. Mills.
260 _aChicago :
_bThe Open court publishing company ;
_aLondon :
_bK. Paul, Trench, Trübner & co., ltd.,
_c1908.
300 _avii, 85 p. ;
_bfront. (port.)
_c24 cm.
650 0 _aZoroastrianism.
_998519
650 0 _aEschatology.
_970843
650 0 _aJudaism
_xRelations
_xZoroastrianism.
_997982
650 0 _aChristianity and other religions
_xZoroastrianism.
_997981
942 _2ddc
_cBK
999 _c32380
_d32380